000 00829nam a2200265Ia 4500
003 OSt
005 20220930072622.0
006 a|||||r|||| 00| 0
007 ta
008 220926b |||||||| |||| 00| 0 eng d
024 _a24656
037 _cTheses
040 _aCRL
_cCRL
_beng
041 _2eng
_aeng
100 _aSachdeva Sanjeev
_9530142
110 _aUniversity of Delhi. Faculty of Medical Sciences. Department of Medicine
245 0 _aStatus of autonomic nervous system activity in cases of cirrhosis
260 _c1997
300 _a69p.
_ap.
_ccm.
650 _aMEDICINE
700 _a Dr S K Sharma Supervisor
_9523206
700 _aUniversity of Delhi. Faculty of Medical Sciences. Department of Medicine
942 _cDIS
_2CC
999 _c864113
_d864113